Personalidades históricas y famosos - S - Estadísticas

Estadísticas generales
  • Esta prueba ha sido intentada 145 veces
  • La puntuación promedio es 13 de 31
Estadísticas de respuestas
Descripción Respuesta % Correcto
Considerado el escritor más importante en lengua inglesa y uno de los más destacados de la literatura universal. Sus obras más destacadas son "Hamlet" y "Romeo y Julieta". William Shakespeare
99%
Padre de la filosofía y maestro de Platón. Sócrates
94%
Dictador soviético entre los años 1922 y 1952, conocido cómo "el hombre de acero". Iósif Stalin
89%
Actor afroamericano conocido por protagonizar la serie "El príncipe de Bel-Air" y películas cómo "Independence Day", "Men in Black", "Soy Leyenda" y "En busca de la felicidad". Will Smith
85%
Célebre director de cine que realizó célebres películas cómo "Parque Jurásico", "E.T., el extraterrestre", "Tiburón", "La lista de Schindler", "Saving Private Ryan" y la franquicia de Indiana Jones. Steven Spielberg
75%
"Fly Me to the Moon", "My Way", "That's Life" y "New York, New York" son algunas canciones de este célebre cantante del siglo pasado. Frank Sinatra
68%
Primer presidente de España después de la dictadura franquista. Adolfo Suárez
65%
Expiloto alemán de Fórmula 1, ganador de siete campeonatos mundiales entre los años 1994 y 2004, y que actualmente se encuentra en coma a causa de un accidente de esquí. Michael Schumacher
57%
Filósofo economista escocés del siglo XVIII, conocido cómo el padre del capitalismo y de la economía moderna. Adam Smith
55%
Piloto de automovilismo brasileño, ganador de tres campeonatos de Fórmula 1 en los años 1988, 1990 y 1991. Ayrton Senna
54%
Actriz norteamericana que ha ganado tres Premios Óscar y ha sido nominada 21 veces. Ha salido en películas cómo "El diablo viste de Prada", "Mamma Mia!" y "El cazador". Meryl Streep
53%
Destacado cantante y músico estadounidense con canciones cómo "Born in the USA", "Dancing in the Dark" y "Streets of Philadelphia". Bruce Springsteen
46%
Director de cine estadounidense que ha hecho numerosas películas, cómo por ejemplo: "Taxi Driver", "Uno de los nuestros", "El lobo de Wall Street", "Toro salvaje" y "Casino". Martin Scorsese
45%
Presidente de la República Francesa entre 2007 y 2012. Actualmente ha sido condenado a prisión por corrupción y tráfico de influencias. Nicolas Sarkozy
44%
Rey de Israel, hijo del mítico David, que construyó el Templo de Jerusalén y es considerado como un importante profeta para los musulmanes. Salomón I de Israel
43%
Filósofo romano del siglo I y tutor del emperador Nerón. Séneca
41%
Tenista estadounidense que ganó catorce Grand Slam, la mayoría en la década de los noventa. Pete Sampras
34%
Una de las figuras más importantes de la tragedia griega, autor de obras cómo "Antígona" y "Edipo rey". Sófocles
32%
Filósofo francés del siglo XX, considerado padre del existencialismo. Jean-Paul Sartre
31%
Primera y más importante poetisa griega de la historia. Safo de Lesbos
30%
Famoso actor americano del siglo XX que salió en películas cómo "Qué bello es vivir", "La ventana indiscreta" y "Vértigo". James Stewart
29%
Sultán de Egipto y Siria en el siglo XII, iniciador de la dinastía ayyubí y uno de los grandes gobernantes del mundo islámico. Saladino
18%
Militar y político romano del siglo I aC que incitó la Primera Guerra Civil romana. Sila
18%
Político ateniense famoso por su Constitución en el año 594 aC y por ser uno de los precursores de la democracia ateniense. Solón
15%
Físico que realizó importantes contribuciones en la mecánica cuántica y la termodinámica, cómo por ejemplo la ecuación ondulatoria. Erwin Schrödinger
13%
Este ruso es uno de los compositores de música clásica más importantes del siglo XX. Ígor Stravinski
13%
Príncipe heredero de Arabia Saudita y actual Primer ministro de este país. Mohammad bin Salmán
13%
General macedonio que después de la muerte de Alejandro Magno reinó sobre Babilonia y Siria. Fundó un gran imperio que se extendió por toda Persia. Seleuco I Nicátor
12%
Creador del Imperio acadio, considerado el primer imperio de la historia. Sargón I
10%
Zar del Primer Imperio Búlgaro que ganó numerosas batallas contra los bizantinos y llevó este imperio a su apogeo. Simeón I de Bulgaria
7%
Deportista sueco considerado el mejor esquiador alpino de todos los tiempos. Ingemar Stenmark
5%
No se encontraron pruebas coincidentes
Distribución de puntuación
Porcentaje de gente con cada puntuación
Porcentaje por número respondido
Historial de tus puntuaciones
No has intentado esta prueba.